LEADER 01399nam a2200313 u 4500 001 000000006443 003 CaOOAMICUS 005 20070226104856.0 008 940803m19131919gw fh u000 u lat u 035 $a10166172 040 $aIAR$bita$dPUL(R)$dDAI(R) 100 0 $aAldhelmus,$cs., vesc. Sherborne,$dc. 640-709.$0(OLS)http://pul/name/6564 240 10$aOpere$9(Aldhelmus, s. vesc. Sherborne, c. 640-709).$0(OLS)http://pul/title/9480 245 10$aAldhelmi opera /$cedidit Rudolfus Ehwald. 260 $aBerolini :$bapud Weidmannos,$c<1913-1919>. 300 $av. <1-3> :$bill., fac-sim. ;$c29 cm 490 1 $aMonumenta Germaniae historica.$aAuctores antiquissimi ;$v15 500 $aIncludes indexes. 500 $aBibliographical foot-notes. 700 1 $aEhwald, Rudolf,$d1847-1927.$0(OLS)http://pul/name/4722 830 0$aMonumenta Germaniae historica.$pAuctores antiquissimi ;$v15.$0(OLS)http://pul/title/1405 850 $aPUL 852 $aPUL$W1$xSL Cons. Gen., Altre Classi 1$y1$m2017 A 1.15$j119280$nBK-PRI$qStampati$B9151$CPULBib$Z2$F9151 $82 900 $aAdelmus,$cs., vesc. Sherborne,$dc. 640-709$96564 900 $aAldhelmus,$cabate di Malmesbury,$dc. 640-709$96564 941 1 $a8 961 $aINV: Copia mutila del front. 996 $6245$aAldhelmi opera$9(OLS)http://pul/title/9481 996 $6260$aBerolini :$bapud Weidmannos$9(OLS)http://pul/publisher/48438 LEADER 00918nam a2200217 u 4500 001 000000106483 003 CaOOAMICUS 005 20070827123549.0 008 070827n it a u000 u ita u 040 $aPUL$bita$dLDB 100 1 $aGiustini, Pietro A.,$d1939-2007.$0(OLS)http://pul/name/2770 245 10$aDa Leonardo a Leibniz :$bla rivoluzione scientifica /$cPietro Alessandro Giustini. 260 $aMilano :$bLuigi Trevisini,$c[S. d.] 300 $a208 p. ;$c26 cm 500 $aBibliografia in nota. 650 14$aScienza$xStoria$ySec. XVII.$0(OLS)http://pul/subject/22167 850 $aPUL 852 $aPUL$W1$xSL Filosofia 1$y2$m95 E 30$j120205$qStampati$B119618$CPULBib$Z2$F119618 $H58134 $82 941 1 $a8 996 $6245$aDa Leonardo a Leibniz :$bla rivoluzione scientifica$9(OLS)http://pul/title/134103 996 $6260$aMilano :$bLuigi Trevisini$9(OLS)http://pul/publisher/68172